[Event "Sarajevo 75/331"]
[Site "?"]
[Date "1999.??.??"]
[Round "?"]
[White "Kasparov, Garry"]
[Black "Morozevich, Alexander"]
[Result "1-0"]
[WhiteElo "2812"]
[BlackElo "2723"]
[PlyCount "109"]
[EventDate "1999.??.??"]
[Source "ChessBase"]
[SourceDate "1999.02.01"]

1. d4 d5 2. c4 c6 3. Nc3 Nf6 4. e3 a6 5. Qc2 b5 6. b3 Bg4 7. Nge2 Nbd7 8. Nf4 e5 9. dxe5 Nxe5 10. h3 Be6 11. Be2 Bd6 12. O-O O-O 13. Bb2 Ng6 14. Nxg6 hxg6 15. cxd5 cxd5 16. Bf3 Rc8 17. Qd2 Bb8 18. Rfd1 Qc7 19. g3 Rfd8 20. Rac1 Qd7 21. h4 Ba7 22. Ne2 Rxc1 23. Qxc1 Bg4 24. Bxg4 Qxg4 25. Bxf6 gxf6 26. Rd2 Re8 27. Qd1 Qf3 28. Nf4 Qxd1+ 29. Rxd1 d4 30. exd4 Rd8 31. d5 Bb8 32. Ne2 Kg7 33. Kg2 f5 34. Kf3 Be5 35. Nf4 Rd7 36. Ng2 Bb8 37. Ne3 Ba7 38. h5 Bc5 39. a4 bxa4 40. bxa4 Bxe3 41. Kxe3 gxh5 42. Kd4 Kf8 43. Rb1 f4 44. a5 fxg3 45. fxg3 Ke7 46. Rb6 Rd6 47. Kc5 Rg6 48. d6+ Kd7 49. Rb7+ Kc8 50. Rc7+ Kd8 51. Ra7 Rxg3 52. Rxa6 Rc3+ 53. Kb4 Rc1 54. Ra8+ Kd7 55. a6 1-0

[Event "Monte Carlo MNC"]
[Site "?"]
[Date "2006.03.20"]
[Round "3"]
[White "Gelfand Boris"]
[Black "Svidler Peter"]
[Result "1/2-1/2"]
[WhiteElo "2723"]
[BlackElo "2765"]
[PlyCount "45"]
[EventDate "2006.??.??"]
[Source "www.chesslib.no"]
[SourceDate "2004.05.04"]

1. d4 d5 2. c4 c6 3. Nc3 Nf6 4. e3 a6 5. Nf3 Bf5 6. Ne5 Nbd7 7. Qb3 Qc7 8. cxd5 Nxe5 9. dxe5 Nxd5 10. Nxd5 cxd5 11. Bd2 e6 12. Rc1 Qd7 13. Be2 Be7 14. Qb6 Bd8 15. Qb4 Be7 16. Qa5 Rc8 17. Rxc8+ Qxc8 18. O-O Bd8 19. Qa3 f6 20. Rc1 Qd7 21. exf6 gxf6 22. Ba5 Kf7 23. Bxd8 1/2-1/2

[Event "Tilburg"]
[Site "?"]
[Date "1996.??.??"]
[Round "?"]
[White "Karpov, Anatoly"]
[Black "Shirov, A."]
[Result "1/2-1/2"]
[WhiteElo "2775"]
[BlackElo "2685"]
[PlyCount "83"]
[EventDate "1996.??.??"]
[Source "ChessBase"]
[SourceDate "1996.10.01"]

1. d4 d5 2. c4 c6 3. Nc3 Nf6 4. e3 a6 5. Bd3 b5 6. b3 Bg4 7. Nge2 e6 8. Qc2 Nbd7 9. O-O Rc8 10. Bd2 c5 11. cxb5 c4 12. bxc4 dxc4 13. Be4 axb5 14. f3 Nxe4 15. Nxe4 Bf5 16. a3 Be7 17. Rfb1 O-O 18. Rxb5 e5 19. a4 exd4 20. exd4 Bg6 21. Ba5 Qe8 22. N2c3 Nf6 23. Rd1 Qd7 24. Bb4 Bxb4 25. Rxb4 Nxe4 26. Nxe4 c3 27. d5 Rfd8 28. h3 h6 29. Kh1 Qe7 30. Rbd4 Qa3 31. Rb1 Qe7 32. Rc1 Qe5 33. Rcd1 Qb8 34. Rb1 Qe5 35. Rbd1 Qb8 36. d6 Qb2 37. Rc1 Qa3 38. Qd1 Rc6 39. d7 Rc7 40. Rc2 Bxe4 41. fxe4 Qe7 42. Qf3 1/2-1/2

[Event "Praha 83/352"]
[Site "?"]
[Date "2001.??.??"]
[Round "?"]
[White "Hracek, Z."]
[Black "Kasparov, Garry"]
[Result "1/2-1/2"]
[WhiteElo "2610"]
[BlackElo "2838"]
[PlyCount "79"]
[EventDate "2001.??.??"]
[Source "Chess Informant"]
[SourceDate "2001.10.01"]

1. d4 d5 2. c4 c6 3. Nc3 Nf6 4. e3 a6 5. Qc2 g6 6. Bd3 Bg7 7. Nf3 O-O 8. O-O Bg4 9. Ne5 Be6 10. c5 Nbd7 11. Nxd7 Qxd7 12. Na4 Rae8 13. Nb6 Qc7 14. b4 Nd7 15. Nxd7 Bxd7 16. f4 f6 17. e4 dxe4 18. Bxe4 f5 19. Qc4+ Kh8 20. Bf3 Rd8 21. Be3 Be8 22. Rad1 Bf7 23. d5 Qd7 24. Bd4 Bxd5 25. Bxd5 cxd5 26. Qc3 Bf6 27. Rfe1 Kg8 28. Qb3 Bxd4+ 29. Rxd4 e6 30. a4 Rc8 31. a5 Qg7 32. Re5 Rce8 33. Qe3 Qd7 34. h3 Kf7 35. Qe1 h6 36. Kh2 Qd8 37. Qe2 Qd7 38. Qe1 Qd8 39. Qe2 Qd7 40. Qe1 1/2-1/2

[Event "Olimpiadi 2008 - open"]
[Site "Dresda GER"]
[Date "2008.11.22"]
[Round "9"]
[White "Bacrot, E."]
[Black "Wang Yue"]
[Result "1/2-1/2"]
[WhiteElo "2705"]
[BlackElo "2736"]
[PlyCount "62"]
[EventDate "2008.11.13"]
[Source "www.chesslib.no"]
[SourceDate "2004.05.04"]

1. d4 d5 2. c4 c6 3. Nc3 Nf6 4. e3 a6 5. Nf3 b5 6. c5 g6 7. Ne5 Bg7 8. Be2 O-O 9. f4 Qc7 10. O-O a5 11. Bd3 Bf5 12. Bxf5 gxf5 13. Bd2 Nbd7 14. Be1 e6 15. Rf3 Ne4 16. Nxe4 dxe4 17. Rh3 Rfe8 18. Nxd7 Qxd7 19. Qh5 h6 20. Bh4 Ra7 21. Rg3 Kh7 22. Bg5 Rh8 23. Qh4 Qe8 24. Bf6 Bxf6 25. Qxf6 Rg8 26. Rxg8 Qxg8 27. Kf2 Rd7 28. Rg1 Qd8 29. Qxd8 Rxd8 30. g4 fxg4 31. Rxg4 f5 1/2-1/2

[Event "Dortmund"]
[Site "Dortmund"]
[Date "1995.??.??"]
[Round "7"]
[White "Karpov, Anatoly"]
[Black "Short, Nigel D"]
[Result "1/2-1/2"]
[WhiteElo "2775"]
[BlackElo "2645"]
[PlyCount "66"]
[EventDate "1995.07.??"]
[Source "ChessBase"]

1. d4 d5 2. c4 c6 3. Nc3 Nf6 4. e3 a6 5. Nf3 b5 6. cxd5 cxd5 7. Ne5 e6 8. Bd2 Be7 9. Be2 O-O 10. O-O Bb7 11. Nd3 Nbd7 12. b4 Nb6 13. a4 Ne4 14. axb5 Nxc3 15. Bxc3 axb5 16. Nc5 Bc6 17. Rxa8 Qxa8 18. Bd3 Qa2 19. Qh5 g6 20. Qe5 Qa7 21. Ra1 Qb8 22. Qxb8 Rxb8 23. Ra5 Bd8 24. Be1 Ra8 25. Rxa8 Nxa8 26. g4 Nb6 27. f3 Nc4 28. Bf2 Bg5 29. f4 Be7 30. Kg2 f6 31. Kf1 Kf7 32. Ke2 e5 33. h3 e4 1/2-1/2

[Event "World Blitz"]
[Site "Moscow RUS"]
[Date "2007.11.21"]
[Round "8"]
[White "Carlsen, M."]
[Black "Ponomariov, R."]
[Result "1-0"]
[WhiteElo "2714"]
[BlackElo "2705"]
[PlyCount "165"]
[EventDate "2007.11.21"]
[Source "www.chesslib.no"]
[SourceDate "2004.05.04"]

1. d4 d5 2. c4 c6 3. Nc3 Nf6 4. e3 a6 5. Qc2 g6 6. Bd3 Bg7 7. Nf3 O-O 8. h3 dxc4 9. Bxc4 b5 10. Be2 c5 11. dxc5 Nc6 12. a3 b4 13. axb4 Nxb4 14. Qa4 Nd3+ 15. Bxd3 Qxd3 16. Qd4 Qf5 17. e4 Nxe4 18. Qe3 Nxc5 19. O-O Nb3 20. Ra3 Qe6 21. Re1 Nxc1 22. Qxc1 Qd7 23. Rd1 Qb7 24. Ra5 Rb8 25. Qe3 Qxb2 26. Nd5 Bb7 27. Nxe7+ Kh8 28. Ng5 Qf6 29. Rd7 Ba8 30. Nd5 Bxd5 31. Raxd5 Kg8 32. Ne4 Qa1+ 33. Kh2 Rb1 34. Rd8 Rb8 35. Rxb8 Rxb8 36. Qd3 Rf8 37. g3 a5 38. Rd7 a4 39. Qd5 a3 40. Ra7 Qb2 41. Kg2 h6 42. Nd6 Qf6 43. Rxa3 Rd8 44. Rd3 Bf8 45. Ne4 Qe7 46. Qxd8 Qxe4+ 47. Rf3 Qe6 48. Qf6 Qd5 49. Kh2 Bg7 50. Qf4 Be5 51. Qe3 Bg7 52. Qe8+ Bf8 53. Re3 Qf5 54. Re2 Qf6 55. Kg2 h5 56. Qe4 Qd6 57. Rc2 Kg7 58. Rc6 Qd7 59. Qe5+ Kg8 60. Rc7 Qd8 61. Rb7 Qa8 62. Qd5 Qe8 63. Qd7 Qxd7 64. Rxd7 Kg7 65. Kf3 Bc5 66. Rd2 Kf6 67. Ke4 Kg7 68. Rc2 Bb6 69. Kd5 Ba7 70. Kd6 Bd4 71. Kd7 Kf6 72. Ke8 Ke6 73. Rc6+ Kd5 74. Rc2 Ke6 75. Re2+ Kf6 76. Re7 g5 77. Rxf7+ Ke6 78. g4 hxg4 79. hxg4 Bf6 80. Kf8 Ke5 81. Kg8 Ke6 82. Rf8 Be7 83. Rf5 1-0

[Event "Russie (championnat equipes)"]
[Site "?"]
[Date "2004.04.??"]
[Round "4"]
[White "Grischuk Alexander"]
[Black "Malakhov Vladimir"]
[Result "1-0"]
[WhiteElo "2719"]
[BlackElo "2700"]
[PlyCount "121"]
[EventDate "2004.??.??"]
[Source "www.chesslib.no"]
[SourceDate "2004.05.04"]

1. d4 d5 2. c4 c6 3. Nc3 Nf6 4. e3 a6 5. Qc2 b5 6. b3 Bg4 7. Nge2 Bxe2 8. Bxe2 e6 9. O-O Nbd7 10. Rd1 Be7 11. e4 dxe4 12. Nxe4 O-O 13. Bf4 Nxe4 14. Qxe4 Rc8 15. Qc2 Nf6 16. h3 Qb6 17. Be3 Qb8 18. Bf3 Rfd8 19. Qe2 h6 20. Rac1 Bd6 21. g3 Bf8 22. Bg2 b4 23. Rc2 a5 24. Rcd2 Qa8 25. Qf3 Be7 26. g4 Qb8 27. Bf4 Qa7 28. h4 Nh7 29. Qg3 Nf8 30. Be4 Bf6 31. Be3 Qc7 32. Qxc7 Rxc7 33. g5 hxg5 34. hxg5 Be7 35. d5 cxd5 36. Bb6 dxe4 37. Rxd8 Rc6 38. Re8 Rxb6 39. Rxe7 Ng6 40. Rd8+ Kh7 41. Rxf7 Ne5 42. Ra7 Nf3+ 43. Kf1 e5 44. Ke2 Nxg5 45. Rxa5 Rf6 46. Rxe5 Nf7 47. Rh5+ Kg6 48. Rdd5 Nd6 49. Rhg5+ Kf7 50. Rg4 g6 51. Ke3 Ke6 52. Rf4 Nf5+ 53. Kxe4 Rf8 54. Re5+ Kd6 55. Rf3 Ra8 56. Rd3+ Kc7 57. Rd2 Nd6+ 58. Kf4 Rf8+ 59. Kg4 Rf6 60. Kg5 Rf3 61. Kxg6 1-0

[Event "France 81/295"]
[Site "?"]
[Date "2001.??.??"]
[Round "?"]
[White "Tkachiev, V."]
[Black "Morozevich, A."]
[Result "0-1"]
[WhiteElo "2672"]
[BlackElo "2745"]
[PlyCount "108"]
[EventDate "2001.??.??"]
[Source "Chess Informant"]
[SourceDate "2001.02.01"]

1. d4 d5 2. c4 c6 3. Nc3 Nf6 4. e3 a6 5. Qc2 g6 6. Bd3 Bg7 7. Nf3 O-O 8. O-O Bg4 9. Ne5 Be6 10. cxd5 Nxd5 11. Nxd5 cxd5 12. Bd2 Qb6 13. Rfc1 Bxe5 14. dxe5 Nc6 15. Bc3 Rfd8 16. Qd2 Rd7 17. Bf1 d4 18. exd4 Nxd4 19. Qe3 Qd8 20. Be2 Rc8 21. h3 Kg7 22. Kh2 h6 23. Bg4 Bxg4 24. hxg4 e6 25. Qe4 Nb5 26. Ba5 Qh4+ 27. Kg1 Rxc1+ 28. Rxc1 Qg5 29. Re1 Rd5 30. Bb6 Qd2 31. Qe2 Qb4 32. Be3 Nd4 33. Bxd4 Rxd4 34. a3 Qa4 35. Qf3 Rf4 36. Qxb7 Qd4 37. Rf1 Rxg4 38. Qf3 Rg5 39. Qf6+ Kg8 40. Rc1 Qd7 41. b4 Rf5 42. Qh4 Qd2 43. Rf1 Rxe5 44. Qc4 Qe2 45. Qf4 Kg7 46. Qd4 Kh7 47. a4 Rd5 48. Qc3 Rd1 49. Rxd1 Qxd1+ 50. Kh2 Qxa4 51. Qc7 Qe8 52. Qb7 Kg7 53. Qxa6 Qb8+ 54. g3 Qxb4 0-1

[Event "Sarajevo Bosnia"]
[Site "Sarajevo"]
[Date "2003.05.25"]
[Round "7"]
[White "Bareev, Evgeny"]
[Black "Sokolov, Ivan"]
[Result "1/2-1/2"]
[WhiteElo "2734"]
[BlackElo "2677"]
[PlyCount "100"]
[EventDate "2003.05.18"]
[Source "ChessBase"]
[SourceDate "2003.09.25"]

1. d4 d5 2. c4 c6 3. Nc3 Nf6 4. e3 a6 5. Nf3 b5 6. b3 Bg4 7. h3 Bxf3 8. gxf3 Nbd7 9. Bb2 dxc4 10. bxc4 e5 11. cxb5 axb5 12. dxe5 Nxe5 13. f4 Ned7 14. Bg2 Ba3 15. Qc1 Bxb2 16. Qxb2 Rc8 17. a4 bxa4 18. O-O O-O 19. Rxa4 Nb6 20. Rd4 Nbd5 21. e4 Qb6 22. Qxb6 Nxb6 23. Rb1 Rb8 24. Rdb4 Nfd7 25. e5 c5 26. Rb5 Nc4 27. Ne4 Rxb5 28. Rxb5 Rb8 29. Rxb8+ Nxb8 30. Nxc5 Nb6 31. f5 N8d7 32. Nd3 f6 33. f4 fxe5 34. fxe5 g6 35. f6 Kf7 36. Kf2 h5 37. Kg3 g5 38. Bc6 Ke6 39. Bb5 Kf5 40. Kf2 Nxe5 41. Nxe5 Kxf6 42. Nd3 Nd5 43. Kg3 Nc3 44. Bc6 Ne2+ 45. Kh2 Kf5 46. Ne1 Nd4 47. Bb7 Kf4 48. Ng2+ Ke5 49. Ba6 Nf3+ 50. Kg3 Nh4 1/2-1/2

[Event "Poikovsky Karpov 5th"]
[Site "Poikovsky"]
[Date "2004.03.20"]
[Round "4"]
[White "Malakhov, Vladimir"]
[Black "Sokolov, Ivan"]
[Result "1/2-1/2"]
[WhiteElo "2700"]
[BlackElo "2706"]
[PlyCount "143"]
[EventDate "2004.03.17"]
[Source "ChessBase"]
[SourceDate "2004.06.01"]

1. d4 d5 2. c4 c6 3. Nc3 Nf6 4. e3 a6 5. Nf3 b5 6. b3 Bg4 7. h3 Bxf3 8. gxf3 Nbd7 9. f4 e6 10. c5 Be7 11. Bd3 g6 12. Bb2 Qb8 13. Qc2 Nh5 14. Ne2 Bh4 15. Ng1 Bd8 16. Nf3 a5 17. a3 Ra7 18. Ne5 Nxe5 19. dxe5 f5 20. Be2 Ng7 21. h4 h5 22. O-O-O Be7 23. Rh3 Qd8 24. Rdh1 Kf7 25. Bd4 Rh6 26. Kb1 a4 27. b4 Rb7 28. Qd1 Rb8 29. Qg1 Rb7 30. Qg3 Rb8 31. Rg1 Rb7 32. Rh2 Qh8 33. Kc2 Rd7 34. Kd1 Rd8 35. Ke1 Rd7 36. Kf1 Bd8 37. Kg2 Qe8 38. Kh3 Kg8 39. Bd3 Qe7 40. f3 Qe8 41. Qf2 Qf7 42. Rhg2 Rb7 43. Bc2 Rd7 44. Rg3 Ra7 45. Qg2 Kh7 46. Rg5 Rd7 47. Bb2 Be7 48. Qg3 Bd8 49. Rg2 Be7 50. Rg1 Bd8 51. Qf2 Kg8 52. R5g2 Bc7 53. Qg3 Bd8 54. Rd1 Kh7 55. Re2 Ne8 56. Qf2 Nc7 57. Bb1 Kg8 58. Rg1 Rh7 59. Qg3 Rg7 60. Reg2 Kh7 61. Qf2 Qf8 62. Bd3 Rdf7 63. Bc1 Qe7 64. Bb2 Qf8 65. Bd4 Qe7 66. Qg3 Rg8 67. Bc2 Rfg7 68. Qe1 Rf7 69. Bd3 Rfg7 70. Bc2 Rf7 71. Bd3 Rfg7 72. Bc2 1/2-1/2

[Event "Mind Sports Games - Blitz Pair"]
[Site "Pechino CINA"]
[Date "2008.10.08"]
[Round "9"]
[White "Sasikiran, K."]
[Black "Ni Hua"]
[Result "1-0"]
[WhiteElo "2694"]
[BlackElo "2710"]
[PlyCount "81"]
[EventDate "2008.10.08"]
[Source "www.chesslib.no"]
[SourceDate "2004.05.04"]

1. d4 d5 2. c4 c6 3. Nc3 Nf6 4. e3 a6 5. Qc2 e6 6. b3 c5 7. Nf3 Nc6 8. dxc5 Bxc5 9. Bb2 O-O 10. a3 Bd6 11. Rd1 dxc4 12. Bxc4 Qc7 13. Bd3 Ne5 14. Nxe5 Bxe5 15. f4 Bd6 16. Ne4 Nxe4 17. Qxc7 Bxc7 18. Bxe4 Rb8 19. Ke2 b5 20. Rc1 Bb7 21. Bxb7 Rxb7 22. Rhd1 Bb6 23. Rc6 a5 24. g4 h6 25. h4 Rfb8 26. Be5 Re8 27. g5 Kh7 28. h5 hxg5 29. fxg5 f6 30. gxf6 gxf6 31. Bxf6 Kh6 32. Rh1 Rg8 33. Rxe6 Kh7 34. Be5 Bc5 35. a4 bxa4 36. bxa4 Rg2+ 37. Kf3 Ra2 38. Rc1 Rf7+ 39. Rf6 Rxf6+ 40. Bxf6 Bb4 41. Rc8 1-0

[Event "Amber-blind 11th"]
[Site "Monaco"]
[Date "2002.03.27"]
[Round "10"]
[White "Gelfand, Boris"]
[Black "Van Wely, Loek"]
[Result "0-1"]
[WhiteElo "2703"]
[BlackElo "2697"]
[PlyCount "84"]
[EventDate "2002.03.16"]
[Source "ChessBase"]
[SourceDate "2002.05.03"]

1. d4 d5 2. c4 c6 3. Nc3 Nf6 4. e3 a6 5. a4 e6 6. Nf3 c5 7. cxd5 exd5 8. Be2 Nc6 9. O-O Bd6 10. b3 cxd4 11. Nxd4 Nxd4 12. Qxd4 Qc7 13. f4 Bc5 14. Qe5+ Qe7 15. Ba3 Bxe3+ 16. Kh1 Qxe5 17. fxe5 Bd4 18. exf6 Bxc3 19. fxg7 Bxa1 20. gxh8=Q+ Bxh8 21. Rc1 Bf6 22. Bd3 h6 23. h3 Bd7 24. Re1+ Be6 25. Bf5 Kd7 26. Bxe6+ fxe6 27. Rf1 Be7 28. Rf7 Re8 29. Rh7 d4 30. Kg1 e5 31. Kf2 Ke6 32. Bxe7 Rxe7 33. Rxh6+ Kd5 34. g4 Rf7+ 35. Ke2 Ke4 36. Re6 d3+ 37. Ke1 Kd4 38. g5 e4 39. g6 Rf3 40. h4 Ke3 41. Rd6 Rh3 42. Kf1 Rxh4 0-1

[Event "Madrid"]
[Site "Madrid"]
[Date "1994.??.??"]
[Round "3"]
[White "Salov, Valery"]
[Black "Shirov, Alexei"]
[Result "1/2-1/2"]
[WhiteElo "2685"]
[BlackElo "2715"]
[PlyCount "105"]
[EventDate "1994.05.??"]
[Source "ChessBase"]

1. d4 d5 2. c4 c6 3. Nc3 Nf6 4. cxd5 cxd5 5. Bf4 Nc6 6. e3 Bg4 7. Qb3 Na5 8. Bb5+ Bd7 9. Qa4 e6 10. Bg5 Nc4 11. e4 Nxb2 12. Qb3 Nc4 13. exd5 exd5 14. Nf3 Bxb5 15. Qxb5+ Qd7 16. Bxf6 Qxb5 17. Nxb5 gxf6 18. Nc7+ Kd7 19. Nxa8 Bb4+ 20. Ke2 Re8+ 21. Kd3 Nb2+ 22. Kc2 Re2+ 23. Kb3 Ba5 24. Rhc1 Nc4 25. Rc2 Re8 26. Rxc4 dxc4+ 27. Kxc4 Rxa8 28. Rb1 Rc8+ 29. Kd5 b6 30. Rb2 a6 31. Nh4 b5 32. Nf5 Rc1 33. g3 Bc3 34. Re2 Bb4 35. Rb2 Bf8 36. h4 Kc7 37. Ne3 Kd7 38. Nf5 Kc7 39. Ne3 Kd7 40. h5 Rh1 41. g4 Rc1 42. Nf5 Rc6 43. Re2 Rb6 44. Rb2 a5 45. a4 Bb4 46. axb5 Rxb5+ 47. Kc4 Rb8 48. Ne3 Kd6 49. Nf5+ Kc6 50. Ne7+ Kd6 51. Nf5+ Kc6 52. Ne7+ Kd6 53. Nf5+ 1/2-1/2

[Event "It (Open) Canada De Calatrava ESP"]
[Site "?"]
[Date "2006.04.16"]
[Round "8"]
[White "Mamedyarov Shakhriyar"]
[Black "Shirov Alexei"]
[Result "1-0"]
[WhiteElo "2699"]
[BlackElo "2699"]
[PlyCount "74"]
[EventDate "2006.??.??"]
[Source "www.chesslib.no"]
[SourceDate "2004.05.04"]

1. d4 d5 2. c4 c6 3. Nc3 Nf6 4. e3 a6 5. Qc2 Bg4 6. Bd3 Nbd7 7. Nge2 dxc4 8. Bxc4 b5 9. Bb3 c5 10. h3 Bh5 11. Nf4 c4 12. Nxh5 Nxh5 13. Qe2 g6 14. Bc2 Bg7 15. a4 Rb8 16. axb5 axb5 17. O-O O-O 18. Rd1 b4 19. Ne4 Qc7 20. Bd2 Rfc8 21. Ra4 c3 22. bxc3 f5 23. Ng5 bxc3 24. Bc1 Bf6 25. e4 fxe4 26. Qxe4 Nf8 27. Be3 Rb2 28. Bc1 Rb5 29. d5 Qe5 30. Qg4 Rcb8 31. Re4 Qd6 32. Nxh7 Rxd5 33. Rxd5 Qxd5 34. Nxf8 Kxf8 35. Qxg6 Qf7 36. Qxf7+ Kxf7 37. g4 Rg8 1-0

[Event "Horgen"]
[Site "?"]
[Date "1994.??.??"]
[Round "?"]
[White "Yusupov, A."]
[Black "Shirov, A."]
[Result "1/2-1/2"]
[WhiteElo "2655"]
[BlackElo "2740"]
[PlyCount "42"]
[EventDate "1994.??.??"]
[Source "ChessBase"]
[SourceDate "1994.06.01"]

1. d4 d5 2. c4 c6 3. Nc3 Nf6 4. cxd5 cxd5 5. Bf4 Nc6 6. e3 Bg4 7. f3 Bd7 8. Bd3 e6 9. Bg3 Be7 10. Nge2 O-O 11. O-O a6 12. Nc1 Na5 13. Nb3 Nc4 14. Qe2 Rc8 15. e4 b5 16. e5 Nh5 17. f4 Nxg3 18. hxg3 a5 19. Bxh7+ Kxh7 20. Qh5+ Kg8 21. Kf2 f5 1/2-1/2

[Event "Sarajevo Bosnia"]
[Site "Sarajevo"]
[Date "2003.05.18"]
[Round "1"]
[White "Bareev, Evgeny"]
[Black "Movsesian, Sergei"]
[Result "0-1"]
[WhiteElo "2734"]
[BlackElo "2659"]
[PlyCount "142"]
[EventDate "2003.05.18"]
[Source "ChessBase"]
[SourceDate "2003.09.25"]

1. d4 d5 2. c4 c6 3. Nc3 Nf6 4. e3 a6 5. Nf3 b5 6. b3 Bg4 7. h3 Bxf3 8. gxf3 Nbd7 9. f4 e6 10. c5 g6 11. Bb2 Ng8 12. Bd3 Ne7 13. Qd2 Bg7 14. Ne2 Nf5 15. O-O-O Nf6 16. Kb1 a5 17. a3 Rb8 18. f3 Nd7 19. e4 Ne7 20. Rde1 f5 21. Qe3 Nf6 22. exf5 exf5 23. Ng3 Qd7 24. Qd2 Ra8 25. h4 h5 26. Rhg1 Kf7 27. Nh1 a4 28. b4 Nh7 29. Nf2 Bf6 30. Rh1 Nf8 31. Bc2 Ne6 32. Qe3 Rae8 33. Nd3 Ng8 34. Qf2 Qc7 35. Rhg1 Ne7 36. Qe3 Qd7 37. Rg2 Rhg8 38. Reg1 Rg7 39. Bc3 Qc7 40. Re2 Nc8 41. Qf2 Rgg8 42. Ne5+ Bxe5 43. Rxe5 Qd8 44. Bxf5 Qf6 45. Bxe6+ Rxe6 46. Qe3 Ne7 47. Re1 Rxe5 48. fxe5 Qf5+ 49. Ka1 Ke6 50. Rg1 Rf8 51. Rg3 Qf4 52. Qg1 Rg8 53. Bb2 Qd2 54. Bc1 Qd3 55. f4 Qe4 56. Rg5 Kf7 57. Bb2 Nf5 58. Qf2 Qh1+ 59. Ka2 Qh3 60. Rg2 Qxh4 61. Qg1 Qe7 62. Bc3 Qe6 63. Be1 Rh8 64. Rh2 h4 65. Kb2 h3 66. Qh1 Kg7 67. Bf2 Rh5 68. Qe1 Kf7 69. Bg1 Nh6 70. f5 Nxf5 71. Qf1 Kg7 0-1

[Event "CECLUB Finals"]
[Site "Calvia ESP"]
[Date "2007.10.20"]
[Round "1"]
[White "Milov, V."]
[Black "Jakovenko, D."]
[Result "1/2-1/2"]
[WhiteElo "2680"]
[BlackElo "2710"]
[PlyCount "88"]
[EventDate "2007.10.20"]
[Source "www.chesslib.no"]
[SourceDate "2004.05.04"]

1. d4 d5 2. c4 c6 3. Nc3 Nf6 4. e3 a6 5. Nf3 b5 6. c5 Nbd7 7. Be2 a5 8. O-O g6 9. Ne5 Nxe5 10. dxe5 Nd7 11. e4 d4 12. Qxd4 e6 13. Be3 Bxc5 14. Qd2 Bxe3 15. Qxe3 Qc7 16. Rac1 Qxe5 17. f4 Qc5 18. Qxc5 Nxc5 19. Nxb5 cxb5 20. Rxc5 b4 21. Bb5+ Kf8 22. Rc7 Kg7 23. Rd1 Rf8 24. e5 Rb8 25. Bc6 Ba6 26. Kf2 Rfc8 27. Rdd7 Rxc7 28. Rxc7 Rd8 29. Bd7 Bc4 30. b3 Bd5 31. g4 h6 32. Ke3 Kf8 33. Ra7 Bg2 34. Bb5 g5 35. Bc4 gxf4+ 36. Kxf4 Rd4+ 37. Ke3 Re4+ 38. Kf2 Rxg4 39. Rxa5 Bc6 40. Rc5 Bh1 41. Be2 Rg2+ 42. Ke3 Rxh2 43. Rc4 h5 44. Rxb4 Bd5 1/2-1/2

[Event "BL 0607 SG Köln Porz - OSC Baden Baden"]
[Site "Germania"]
[Date "2006.11.18"]
[Round "3.2"]
[White "Van Wely, Loek"]
[Black "Bacrot, Etienne"]
[Result "1-0"]
[WhiteElo "2676"]
[BlackElo "2705"]
[PlyCount "69"]
[EventDate "2006.10.28"]
[Source "www.chesslib.no"]
[SourceDate "2004.05.04"]

1. d4 d5 2. c4 c6 3. Nc3 Nf6 4. e3 a6 5. Nf3 e6 6. b3 Bb4 7. Bd2 O-O 8. Bd3 Nbd7 9. O-O Bd6 10. e4 dxc4 11. bxc4 e5 12. c5 Bc7 13. Na4 exd4 14. h3 Re8 15. Re1 h6 16. Rb1 Nf8 17. Rb4 N6d7 18. Qc2 Qf6 19. Nxd4 Ba5 20. Nf5 Bxb4 21. Bxb4 Ne5 22. Nd6 Rd8 23. Nb6 Rb8 24. Re3 Be6 25. Bc3 Nfg6 26. Bf1 Qg5 27. Rg3 Qh5 28. Be2 Qh4 29. Nf5 Qf6 30. Nc4 Bxc4 31. Bxc4 Re8 32. Qc1 b5 33. Bb3 b4 34. Bb2 Qd8 35. Bxe5 1-0

[Event "Tripoli (Libya)"]
[Site "?"]
[Date "2004.06.24"]
[Round "3"]
[White "Radjabov Teimour"]
[Black "Bacrot Etienne"]
[Result "1/2-1/2"]
[WhiteElo "2663"]
[BlackElo "2718"]
[PlyCount "37"]
[EventDate "2004.??.??"]
[Source "www.chesslib.no"]
[SourceDate "2004.05.04"]

1. d4 d5 2. c4 c6 3. Nc3 Nf6 4. e3 a6 5. Nf3 b5 6. b3 Bg4 7. Be2 Nbd7 8. h3 Bf5 9. Bd3 g6 10. Ne5 Qc7 11. a4 bxa4 12. Nxa4 Qd6 13. Qc2 a5 14. Nxc6 Nc5 15. O-O Qb8 16. cxd5 Qb7 17. Ne5 Rc8 18. Nc6 Qb6 19. Nb4 1/2-1/2

[Event "Las Palmas"]
[Site "Las Palmas"]
[Date "1994.??.??"]
[Round "8"]
[White "Epishin, Vladimir"]
[Black "Shirov, Alexei"]
[Result "1/2-1/2"]
[WhiteElo "2675"]
[BlackElo "2705"]
[PlyCount "110"]
[EventDate "1994.05.??"]
[Source "ChessBase"]

1. d4 d5 2. c4 c6 3. Nc3 Nf6 4. e3 a6 5. Nf3 b5 6. b3 Bg4 7. Be2 Nbd7 8. Ne5 Bxe2 9. Qxe2 e6 10. O-O Nxe5 11. dxe5 Nd7 12. cxd5 cxd5 13. Bb2 Bb4 14. Rfd1 O-O 15. a4 bxa4 16. Nxa4 Qe7 17. e4 dxe4 18. Qxe4 Rab8 19. g3 a5 20. Rd3 Rfd8 21. Bd4 Nf8 22. Rad1 Qb7 23. Qxb7 Rxb7 24. Be3 Rxd3 25. Rxd3 Nd7 26. f4 Kf8 27. Kg2 Ke7 28. Kf3 Rc7 29. Rd1 Rc2 30. h3 f6 31. exf6+ gxf6 32. g4 f5 33. Bf2 Nf8 34. Rd3 Ng6 35. Bg3 Rc1 36. Nb6 Rc6 37. Nc4 a4 38. gxf5 exf5 39. Ne3 Ke6 40. bxa4 Ra6 41. Rd4 Bc5 42. Rc4 Bd6 43. Nc2 Kd5 44. Ne3+ Ke6 45. Ke2 Rb6 46. Nc2 Rb3 47. Bf2 Rxh3 48. Be3 Rh4 49. a5 Nxf4+ 50. Bxf4 Rxf4 51. Rxf4 Bxf4 52. Nd4+ Kd5 53. a6 Bb8 54. Nxf5 Kc6 55. Kf3 Kb6 1/2-1/2

[Event "Corr"]
[Site "?"]
[Date "2002.01.15"]
[Round "?"]
[White "Anton Volker"]
[Black "Rause Mrs.Olita"]
[Result "1-0"]
[WhiteElo "2664"]
[BlackElo "2708"]
[PlyCount "83"]
[EventDate "2002.??.??"]
[Source "www.chesslib.no"]
[SourceDate "2004.05.04"]

1. d4 d5 2. c4 c6 3. Nc3 Nf6 4. cxd5 cxd5 5. Bf4 Nc6 6. e3 a6 7. Bd3 Bg4 8. Nge2 e6 9. Rc1 Be7 10. Qb3 Ra7 11. O-O O-O 12. f3 Bh5 13. Na4 Nd7 14. Rfd1 Bg6 15. Bxg6 hxg6 16. e4 Nf6 17. Nc5 Na5 18. Qc2 b6 19. Nd3 Ra8 20. Nf2 Rc8 21. Qd3 Nh5 22. Rxc8 Qxc8 23. Bd2 Nf6 24. Rc1 Qb7 25. Qc2 Nc4 26. Bg5 Nh7 27. Bxe7 Qxe7 28. e5 Rb8 29. b3 Na3 30. Qc6 Nf8 31. Nd3 a5 32. h4 Qd7 33. Kf2 Qe7 34. g3 Nd7 35. Ke3 Nf8 36. Kd2 g5 37. hxg5 Qxg5+ 38. f4 Qe7 39. f5 exf5 40. Ndf4 Qa7 41. Nxd5 Ne6 42. Nef4 1-0

[Event "Corus"]
[Site "Wijk aan Zee"]
[Date "2002.01.13"]
[Round "2"]
[White "Piket, Jeroen"]
[Black "Bareev, Evgeny"]
[Result "1/2-1/2"]
[WhiteElo "2659"]
[BlackElo "2707"]
[PlyCount "53"]
[EventDate "2002.01.12"]
[Source "ChessBase"]
[SourceDate "2002.03.21"]

1. d4 d5 2. c4 c6 3. Nc3 Nf6 4. e3 a6 5. Nf3 b5 6. cxd5 cxd5 7. Bd2 e6 8. Bd3 Bb7 9. O-O Bd6 10. Ne2 Nc6 11. a4 b4 12. a5 Nxa5 13. Qa4+ Nc6 14. Bxb4 Bxb4 15. Ne5 Qb6 16. Rfc1 Rc8 17. Bxa6 Qxa6 18. Qxa6 Bxa6 19. Rxc6 Rxc6 20. Nxc6 Bxe2 21. Ra8+ Kd7 22. Ne5+ Ke7 23. Rxh8 Bd6 24. Nc6+ Kd7 25. Ne5+ Ke7 26. Nc6+ Kd7 27. Ne5+ 1/2-1/2

[Event "Match"]
[Site "Albert"]
[Date "2004.04.02"]
[Round "6"]
[White "Sokolov, Ivan"]
[Black "Bacrot, Etienne"]
[Result "1/2-1/2"]
[WhiteElo "2690"]
[BlackElo "2675"]
[PlyCount "77"]
[EventDate "2004.04.27"]
[Source "Roberto Alvarez"]
[SourceDate "2004.05.03"]

1. d4 d5 2. c4 c6 3. Nc3 Nf6 4. e3 a6 5. Nf3 b5 6. b3 Bg4 7. Be2 Nbd7 8. h3 Bf5 9. Bb2 e6 10. c5 Be7 11. b4 a5 12. a3 Ne4 13. Na2 a4 14. Nc1 h5 15. Nd3 h4 16. Nde5 Qc7 17. Nxd7 Qxd7 18. Bd3 f6 19. Qc2 Bd8 20. O-O-O Bc7 21. Kb1 O-O-O 22. Ka1 Bb8 23. Rhf1 Rdf8 24. Rc1 Re8 25. Qe2 Qb7 26. Rfd1 Re7 27. Qe1 Ree8 28. Be2 Bg6 29. Nd2 Nxd2 30. Qxd2 Bh5 31. f3 Bg3 32. Bd3 f5 33. Rf1 Rhf8 34. e4 Qc7 35. e5 Qb7 36. Qg5 Qe7 37. Qd2 Qb7 38. Rc3 f4 39. Bc1 1/2-1/2